1801 1119 1551 1556 1479 1623 1107 1741 1669 1517 1699 1631 1707 1329 2000 1483 1994 1508 1914 1212 1075 1707 1895 1876 1543 1450 1962 1036 1984 1118 1474 1784 1203 1011 1355 1509 1059 1614 1662 1517 1883 1446 1046 1513 1848 1012 1232 1789 1087 1552 1024 1873 1276 1037 1976 1143 1520 1702 1072 1597 1845 1242 1405 1513 1832 1935 1126 1940 1292 1342 1531 1125 1075 1618 1040 1067 1824 1963 1341 1721 1541 1029 1462 1070 1947 1022 1899 1529 1976 1121 1361 1902 1500 1413 1340 1014 1790 1549 1013 BCNSPRNW ULIB Ver.6.0+V

เปลี่ยนเป็นภาษาไทย

Change to English
 แสดงรายละเอียดบรรณานุกรม
  กลับหน้าหลัก

Brief Record : Get Marc (ISO 2709) : E-mail record : QR code < ปิดหน้าต่าง
LEADER : 00000nam a2200000 a 4500
001    13399114532
003     ULIB
008    111114s2011 enka b 000 0 eng d
020    ^a9781405198660
060 04 ^aWP870^bB828
245 00 ^aBreast cancer :^bnursing care and management /^cedited by Victoria Harmer
250    ^a2nd ed.
260    ^aChichester :^bWiley-Blackwell,^c2011
300    ^axii, 366 p. :^bill. ;^c24 cm.
500    ^aSend to Single Search
504    ^aIncludes bibliographical references.
650  2 ^aBreast Neoplasms^xnursing.
650  2 ^aBreast Neoplasms^xtherapy.
650  2 ^aOncologic Nursing^xmethods.
700 1  ^aHarmer, Victoria,^eed.
945    ^p0^l0^i031634
995    ^aKesorn
999 ^a ใช้งานได้ทุกระบบ
รายการนี้ยังไม่มีแท็ก
คุณยังไม่ได้ล็อกอิน คุณสามารถมีกิจกรรมร่วมกับเว็บไซต์ได้ แต่ต้องล็อกอินก่อน ::
  ล็อกอิน

รายการสื่อสารสนเทศ

ลำดับที่ ประเภท เลขเรียก/บาร์โค้ด สถานที่ สถานะ
- ไม่พบข้อมูล -

BibComment


ยังไม่เคยถูกคอมเมนท์

คอมเมนท์ทรัพยากรรายการนี้
  คอมเมนท์: Breast cancer n..


 Copyright 2026. Bcnsprnw @Library